Rival Darling /

Úvodní díl romantické série, která sleduje příběhy ze středoškolského prostředí, kde se prolínají vztahy, rivalita i první lásky. Hlavní hrdinové postupně zjišťují, že za předsudky a pověstmi se často skrývají úplně jiné skutečnosti.

Uloženo v:
Série:Darling Devils, část 1
Hlavní autor: Moody, Alexandra (Autor)
Další autoři: Knapová, Nicolle (Autor)
Médium: Kniha
Jazyk:Czech
Vydáno: V Praze : CooBoo, 2026
Vydání:1. vydání
Témata:
Celkem bylo vypůjčeno:1x
Příbuzné jednotky:Z cyklu:: Darling Devils
Tagy:
Žádné tagy
LEADER 02567nam a2200529 i 4500
001 106497
003 CZ PrNK
005 20260604172422.0
007 ta
008 260512s2026 xr d 000 f cze
015 |a cnb003756475 
020 |a 9788026742258  |q (brožováno) :  |c Kč 469,00 
040 |a ABG001  |b cze  |e rda 
041 1 |a cze  |h eng 
072 7 |a 821.111-3  |x Anglická próza, anglicky psaná  |2 Konspekt  |9 25 
072 7 |a 821-93  |x Literatura pro děti a mládež (beletrie)  |2 Konspekt  |9 26 
080 |a 821.111(94)-31  |2 MRF 
080 |a 821-93-053.67  |2 MRF 
080 |a 821-93  |2 MRF 
080 |a (0:82-312.5)  |2 MRF 
100 1 |a Moody, Alexandra  |7 xx0345176  |4 aut  |9 117431 
240 1 0 |a Rival Darling.  |l Česky 
245 1 0 |a Rival Darling /  |c Alexandra Moody ; přeložila Nicolle Knapová 
250 |a 1. vydání 
264 1 |a V Praze :  |b CooBoo,  |c 2026 
300 |a 349 stran ;  |c 20 cm 
336 |a text  |b txt  |2 rdacontent 
337 |a bez média  |b n  |2 rdamedia 
338 |a svazek  |b nc  |2 rdacarrier 
500 |a Přeloženo z angličtiny 
520 2 |a Úvodní díl romantické série, která sleduje příběhy ze středoškolského prostředí, kde se prolínají vztahy, rivalita i první lásky. Hlavní hrdinové postupně zjišťují, že za předsudky a pověstmi se často skrývají úplně jiné skutečnosti.  |b Když jí zlomí srdce kapitán školního hokejového týmu, sedmnáctiletá Violet si přísahá, že už se nikdy s žádným sportovcem nezaplete. Aby však svému bývalému ukázala, že spolu opravdu skončili, udělá to poslední, co by od sebe čekala: požádá o pomoc jeho největšího hokejového rivala, kapitána týmu Ransom Devils. Nakladatelská anotace. Kráceno. 
546 |a Český text 
655 7 |a australské romány  |7 fd131842  |2 czenas  |9 53446 
655 7 |a milostné romány  |7 fd132840  |2 czenas  |9 53718 
655 7 |a literatura young adult  |7 fd1185572  |2 czenas  |9 114939 
655 7 |a publikace pro mládež  |7 fd133157  |2 czenas  |9 110 
655 9 |a Australian fiction  |2 eczenas 
655 9 |a love novels  |2 eczenas 
655 9 |a young adult literature  |2 eczenas 
655 9 |a juvenile literature  |2 eczenas 
700 1 |a Knapová, Nicolle  |7 jo20221153935  |4 trl  |9 117432 
710 2 |a CooBoo (nakladatelství)  |7 xx0255713  |4 pbl  |9 117181 
787 0 8 |i Z cyklu:  |t Darling Devils  |g 1 
910 |a UOG502 
942 |2 ddc  |c KN 
999 |d 106497 
993 |0 0  |1 421180107217  |2 ddc  |4 0  |7 0  |9 99941  |b 0  |c 107217  |d 2026-06-04  |e 1  |f DOSP  |h 469.00  |i Koupě  |l DOSP  |q 2026-07-17  |r 2026-06-05  |s 2026-06-05  |t 6  |w 2026-06-04  |y KN  |z BELETM  |n